| 000 | 01221nam a2200349 a 4500 | ||
|---|---|---|---|
| 001 | 000000333 | ||
| 003 | DO-SdBNP | ||
| 005 | 20180220115128.0 | ||
| 007 | 000000333 | ||
| 008 | 081127s1990 sp a 000 0 spa d | ||
| 020 | _a8431635460 | ||
| 040 |
_aBPMSU _bspa _cBPMSU |
||
| 092 |
_a863.3 _bL431t |
||
| 100 | 1 | _4anónimo | |
| 245 | 0 | 3 |
_aEl lazarillo de Tormes / _banonimo ; estudio introductorio y compilación de Simón Espinosa. |
| 250 | _a | ||
| 260 |
_aQuito, Ecuador : _bLibresa, _c 2002 |
||
| 300 |
_a126 p. : _c24 cm. |
||
| 490 | 1 |
_aAntares _v27 |
|
| 500 | _aLa biblioteca posee las tercera y decimoxesta reimpresiones 1998,2008 | ||
| 505 | 0 |
_tTratado primero. Cuenta Lázaro su vida, y de cuyo hijo fué -- _tEstudio introductorio -- _tAlgunos juicios críticos -- _tCronología -- _tBibliografía recomendada -- _tTemas para trabajo de los estudiantes -- _tTexto de la obra. |
|
| 650 | 4 | _aNOVELA ESPAÑOLA | |
| 650 | 4 | _aLITERATURA PICARESCA | |
| 650 | 4 | _aLITERATURA ESPAÑOLA | |
| 700 | 1 | 2 |
_aEspinosa, Simón, _e introd. |
| 700 |
_a _e |
||
| 830 | 0 |
_aAntares _v27 |
|
| 910 | _a | ||
| 942 |
_2ddc _cBK |
||
| 945 | _aInventariado, 2018 /LP | ||
| 956 |
_aVMATEO _b10 _c2016 _l20160311 _hBPMSU |
||
| 999 |
_c9197 _d9197 |
||